Экология и промышленность России: научно-практический рецензируемый журнал

מידע ביבליוגרפי
Corporate Authors: Российская академия наук Сибирское отделение (570), Российская академия наук Сибирское отделение Институт катализа им. Г. К. Борескова, Национальный исследовательский технологический университет "МИСиС", Российский университет дружбы народов
סיכום:Печатная подписка на журнал с 2001 по 2017 (I полугодие) гг. С 2024 г. журнал выписан в электронном виде. Доступ с платформы eLibrary.ru
Цель журнала – способствовать ознакомлению мировой общественности и специалистов, интересующихся проблемами защиты окружающей среды, с новейшими достижениями науки и инженерной практики по обеспечению устойчивого (самоподдерживающего) развития в рамках принятых ООН рекомендаций (РИО 92 и РИО+20). В круг статей входят проблемные исследования и инженерные решения, аналитические и методические работы, обзоры по тематике журнала. ЭКиП по сути является информационным научно-техническим справочником о новейших разработках российских и зарубежных ученых и компаний, реализованных в России, странах СНГ и Балтии.
שפה:רוסית
יצא לאור: Москва, Калвис, 1996
נושאים:
גישה מקוונת:Журнал на платформе eLIBRARY по подписке ТПУ
Официальный сайт журнала
פורמט: אלקטרוני סדרון
KOHA link:https://koha.lib.tpu.ru/cgi-bin/koha/opac-detail.pl?biblionumber=380316

MARC

LEADER 00000nas1a2200000 4500
001 380316
005 20240201093831.0
011 |a 1816-0395  |f 2413-6042 
090 |a 380316 
100 |a 20011210a19969999km|y0rusy50 ca 
101 0 |a rus 
102 |a RU 
110 |a afaz|||0yy0 
200 1 |a Экология и промышленность России  |e научно-практический рецензируемый журнал  |f Сибирское отделение РАН, Институт катализа им. Г.К. Борескова СО РАН, Университет науки и технологий МИСИС, Российский университет дружбы народов 
210 |a Москва  |d 1996  |c Калвис 
300 |a Печатная подписка на журнал с 2001 по 2017 (I полугодие) гг. С 2024 г. журнал выписан в электронном виде. Доступ с платформы eLibrary.ru  
326 |a Периодичность - 12 номеров 
330 |a Цель журнала – способствовать ознакомлению мировой общественности и специалистов, интересующихся проблемами защиты окружающей среды, с новейшими достижениями науки и инженерной практики по обеспечению устойчивого (самоподдерживающего) развития в рамках принятых ООН рекомендаций (РИО 92 и РИО+20). В круг статей входят проблемные исследования и инженерные решения, аналитические и методические работы, обзоры по тематике журнала. ЭКиП по сути является информационным научно-техническим справочником о новейших разработках российских и зарубежных ученых и компаний, реализованных в России, странах СНГ и Балтии. 
606 1 |a Промышленная экология  |9 70735 
610 1 |a экология 
610 1 |a промышленность 
610 1 |a промышленная экология 
610 1 |a Россия 
675 |a 504.064  |v 4  |z rus 
712 0 2 |a Российская академия наук  |b Сибирское отделение  |c (Новосибирск)  |c (1991- )  |4 570  |9 24180 
712 0 2 |a Российская академия наук  |b Сибирское отделение  |b Институт катализа им. Г. К. Борескова  |c (Новосибирск)  |4 570  |9 23352 
712 0 2 |a Национальный исследовательский технологический университет "МИСиС"  |c (Москва)  |c (2008- )  |4 570  |9 26541 
712 0 2 |a Российский университет дружбы народов  |c (Москва)  |c (1992- )  |4 570  |9 23943 
801 0 |a RU  |b 63413507  |c 20011210  |g PSBO 
856 4 |u http://elibrary.ru/title_about.asp?id=7351  |z Журнал на платформе eLIBRARY по подписке ТПУ 
856 4 |u https://www.ecology-kalvis.ru/index.php/jour/index  |z Официальный сайт журнала 
942 |c CR